Über das allmähliche Verfertigen der Bilder : neue Aspekte zu Caravaggio
Gespeichert in:
| VerfasserIn: | |
|---|---|
| Mitwirkende: | |
| Dokumenttyp: | Hochschulschrift Buch |
| Sprache: | German |
| Veröffentlicht: |
München
: Scaneg-Verl.
, 2002
|
| Schriftenreihe: | Concetto
4 |
| Schlagwörter: | |
| Online Zugang: | Inhaltsverzeichnis Rezension Rezension Rezension |
| Bibliogr. Hinweis: | Rezensiert in:
[Rezension von: Nevenka Kroschewski, Über das allmähliche Verfertigen der Bilder] |
| Verantwortlich: | Nevenka Kroschewski |
| LEADER | 03994cam a2200817 c 4500 | ||
|---|---|---|---|
| 001 | 350133301 | ||
| 003 | DE-627 | ||
| 005 | 20260613210244.0 | ||
| 007 | tu | ||
| 008 | 020704s2002 gw ||||| m 00| ||ger c | ||
| 015 | |a 02,N29,0580 |2 dnb | ||
| 015 | |a 03,A04,1578 |2 dnb | ||
| 016 | 7 | |a 964610442 |2 DE-101 | |
| 020 | |a 3892358044 |q Pp. : EUR 52.00, sfr 85.80 (freier Pr.) |9 3-89235-804-4 | ||
| 035 | |a (DE-627)350133301 | ||
| 035 | |a (DE-603)105506419 | ||
| 035 | |a (DE-576)100751407 | ||
| 035 | |a (DE-599)DNB964610442 | ||
| 035 | |a (OCoLC)722738582 | ||
| 035 | |a (OCoLC)50983978 | ||
| 035 | |a (OCoLC)237638227 | ||
| 040 | |a DE-627 |b ger |c DE-627 |e rakwb | ||
| 041 | |a ger | ||
| 044 | |c XA-DE |c XA-IT | ||
| 050 | 0 | |a ND623.C26 | |
| 082 | 0 | |a 759.5 | |
| 084 | |a 46 |2 sdnb | ||
| 084 | |a 9,10 |2 ssgn | ||
| 084 | |a LI 21450 |2 rvk |0 (DE-625)rvk/95724: | ||
| 084 | |a 20.31 |2 bkl | ||
| 084 | |a 21.01 |2 bkl | ||
| 100 | 1 | |a Kroschewski, Nevenka |d 1961- |0 (DE-588)1052210104 |0 (DE-627)788006630 |0 (DE-576)407966765 |4 aut | |
| 245 | 1 | 0 | |a Über das allmähliche Verfertigen der Bilder |b neue Aspekte zu Caravaggio |c Nevenka Kroschewski |
| 263 | |a Pp. : EUR 52.00 (freier Pr.), sfr 85.80 (freier Pr.) | ||
| 264 | 1 | |a München |b Scaneg-Verl. |c 2002 | |
| 300 | |a 224 S. |b Ill. |c 25 cm | ||
| 336 | |a Text |b txt |2 rdacontent | ||
| 337 | |a ohne Hilfsmittel zu benutzen |b n |2 rdamedia | ||
| 338 | |a Band |b nc |2 rdacarrier | ||
| 490 | 1 | |a Concetto |v 4 | |
| 502 | |a Zugl.: Berlin, Freie Univ., Diss., 1999 | ||
| 505 | 8 | |a Literaturverz. S. 163 - 172 | |
| 583 | 1 | |a Archivierung/Langzeitarchivierung gewährleistet |f SSG |x XA-DE-BW |2 pdager |5 DE-16 | |
| 600 | 1 | 0 | |a Caravaggio, Michelangelo Merisi da |x Criticism and interpretation |
| 650 | 0 | |a Painting, Italian |x 17th century | |
| 650 | 0 | 7 | |0 (DE-588)4165888-7 |0 (DE-627)105436798 |0 (DE-576)209898526 |a Künstlerische Technik |2 gnd |
| 650 | 0 | 7 | |0 (DE-588)4037220-0 |0 (DE-627)10623871X |0 (DE-576)209022892 |a Malerei |2 gnd |
| 650 | 0 | 7 | |0 (DE-588)4137016-8 |0 (DE-627)105653179 |0 (DE-576)209674083 |a Vorzeichnung |2 gnd |
| 655 | 7 | |a Hochschulschrift |0 (DE-588)4113937-9 |0 (DE-627)105825778 |0 (DE-576)209480580 |2 gnd-content | |
| 689 | 0 | 0 | |d p |0 (DE-588)118519034 |0 (DE-627)079321143 |0 (DE-576)160689198 |a Caravaggio, Michelangelo Merisi da |d 1571-1610 |2 gnd |
| 689 | 0 | 1 | |d s |0 (DE-588)4125812-5 |0 (DE-627)105737275 |0 (DE-576)209579722 |a Maltechnik |2 gnd |
| 689 | 0 | |5 DE-101 | |
| 700 | 1 | |a Caravaggio, Michelangelo Merisi da |d 1571-1610 |e Ill. |0 (DE-588)118519034 |0 (DE-627)079321143 |0 (DE-576)160689198 |4 ill | |
| 751 | |a Berlin |0 (DE-588)4005728-8 |0 (DE-627)10482638X |0 (DE-576)208862560 |4 uvp | ||
| 787 | 0 | 8 | |i Rezensiert in |a Maurer, Golo, 1971 - |t [Rezension von: Nevenka Kroschewski, Über das allmähliche Verfertigen der Bilder] |d 2003 |w (DE-627)1920422811 |
| 830 | 0 | |a Concetto |v 4 |9 4 |w (DE-627)479856761 |w (DE-576)066026539 |w (DE-600)2177804-8 |7 am | |
| 856 | 4 | 2 | |u http://www.gbv.de/dms/hbz/toc/ht013440884.pdf |m V:DE-605 |q pdf/application |v 2008-11-15 |x Verlag |y Inhaltsverzeichnis |3 Inhaltsverzeichnis |7 1 |
| 856 | 4 | 2 | |u https://swbplus.bsz-bw.de/bsz100751407rez.htm |m B:DE-576;DE-16 |q application/pdf |v 20081106090336 |x Verlag |3 Rezension |7 1 |
| 856 | 4 | 2 | |u http://www.sehepunkte.de/2003/05/1342.html |m V:DE-576;X:Sehepunkte |q text/html |v 20180424113617 |3 Rezension |7 1 |
| 856 | 4 | 2 | |u http://scans.hebis.de/HEBCGI/show.pl?10550641_rez.pdf |m V:DE-576;B:DE-16 |q application/pdf |3 Rezension |7 1 |
| 889 | |w (DE-627)460153935 | ||
| 935 | |i Blocktest | ||
| 936 | r | v | |a LI 21450 |b Caravaggio, Michelangelo Merisi da |k Kunstgeschichte |k Künstler-Monografien |k Alphabetische Künstlerliste |k Künstler C |k Caravaggio, Michelangelo Merisi da |0 (DE-627)1270637428 |0 (DE-625)rvk/95724: |0 (DE-576)200637428 |
| 936 | b | k | |a 20.31 |j Bildende Künstler |0 (DE-627)181571080 |
| 936 | b | k | |a 21.01 |j Maltechnik |j Malmaterial |0 (DE-627)106406701 |
| 936 | s | n | |a l300 |2 mzub |
| 951 | |a BO | ||
| 990 | |a Caravaggio, Michelangelo Merisi da | ||
| 990 | |a Maltechnik | ||
| 991 | |a Rezensiertes Werk | ||
| 999 | |a KXP-PPN350133301 |e 4959589868 | ||


